ბათუმის შოთა რუსთაველის სახელმწიფო უნივერსიტეტის ბიბლიოთეკა

დემოგრაფია (ბიბ.ჩანაწერი № 48204)

000 -LEADER
fixed length control field 01104nam a2200241Ia 4500
001 - CONTROL NUMBER
control field 15086
003 - CONTROL NUMBER IDENTIFIER
control field GE_BSU
008 - FIXED-LENGTH DATA ELEMENTS--GENERAL INFORMATION
fixed length control field 181216s||||||||xx |||||||||||||| ||und||
020 ## - INTERNATIONAL STANDARD BOOK NUMBER
International Standard Book Number 9789941015243
040 ## - CATALOGING SOURCE
Transcribing agency GE_BSU
080 ## - UNIVERSAL DECIMAL CLASSIFICATION NUMBER
Universal Decimal Classification number 314(075.8)
245 ## - TITLE STATEMENT
Title დემოგრაფია
245 ## - TITLE STATEMENT
Remainder of title სახელმძღვანელო. ილია ჭავჭავაძის სახ. უნ-ტი
245 ## - TITLE STATEMENT
Statement of responsibility, etc. შემდგ. გიორგი წულაძე, ნიკა მალაფერიძე, ავთ. სულაბერიძე. მთარგმნ. თამაზ ზუბიაშვილი სა სხვ. რედ. გ. ლორთქიფანიძე
250 ## - EDITION STATEMENT
Edition statement მე–2 გამოც.გადამუშ. და დამატ.
260 ## - PUBLICATION, DISTRIBUTION, ETC.
Place of publication, distribution, etc. თბილისი
260 ## - PUBLICATION, DISTRIBUTION, ETC.
Name of publisher, distributor, etc. ი.ჭავჭავაძის სახ.-ფო უნ-ტის სტ.
260 ## - PUBLICATION, DISTRIBUTION, ETC.
Date of publication, distribution, etc. 2009
300 ## - PHYSICAL DESCRIPTION
Extent 392გვ.28სმ.
300 ## - PHYSICAL DESCRIPTION
Accompanying material ბიბლიოგრ.:გვ.317-325
653 ## - INDEX TERM--UNCONTROLLED
Uncontrolled term დემოგრაფია
942 ## - ADDED ENTRY ELEMENTS (KOHA)
Koha item type წიგნი
ეგზემპლარები
Withdrawn status Lost status Damaged status Not for loan Date acquired Barcode Date last seen Price effective from Koha item type
        2018-12-17 38116 2018-12-17 2018-12-17 წიგნი